00334 a2200097 450000500170000008200210001710000190003824500880005726000460014530000450019120250506125442.0 aLECT 320.092 NYE aNYERERE, J. K. aFreedom and Unity/ Uhuru na Umoja: A Selection From Writings and Speeches 1952-1965 aNairobi,bOxford University Press,c1967. axii,366p,: ill.; picture.bIndex.c21cm.